| 000 | 00459cam a2200193ua 4500 | ||
|---|---|---|---|
| 001 | 10570 | ||
| 005 | 20260515114634.0 | ||
| 008 | 190316n ii |||gr||||Z||||||eng | ||
| 020 | _a8126123044 | ||
| 040 | _cMAIN | ||
| 082 | _a910 | ||
| 100 |
_aM A Khan, _eAuthor. |
||
| 245 | _aPrinciples of tourism development | ||
| 250 | _a1st ed. | ||
| 260 |
_aNew Delhi: _bAnmol publications, _c2005. |
||
| 300 | _a408p. | ||
| 653 | _aGeography & travel | ||
| 942 | _cBK | ||
| 999 |
_c9533 _d9533 |
||